01674nam a2200325 i 4500001001000000003000900010005001700019007000300036008004100039040003000080082002800110100006100138245009500199250003200294264013300326300006100459336002700520337003300547338002800580500006300608504003900671590002700710651005500737651008900792910003700881942001400918952014000932952025901072999001701331000039459DO-SdBNP20241029130559.0ta110408s1992 dr ac 000 0 spa d aDO-SdBNPbspacBNPHUerda 4a972.93bM385m, 19922221 aMartínez Armanzar, Juan Francisco,eautor4aut.95845310aManual de historia crítica dominicana (1492-1865) /cJuan Francisco Martínez Armanzar. aSegunda edición corregida 4aSanto Domingo :bEditora Centro de Adiestramiento e Investigación Social;bAsociación de Excursionistas Académicos,c1992. a319 páginas :bilustraciones, retratos, mapas;c23 cm. atextobtxt2rdacontent asin mediaciónbn2rdamedia avolumenbnc2rdacarrier aIncluye datos biográficos del autor en la contracubierta aBibliografía : páginas 311-313 aInventariado, 2019/MFF 4aRepública DominicanaxHistoriay1492-1865965658 4aIsla Española (Haití Y República Dominicana{Rpara}xHistoriay1492-1865965659 aValidado. Control de calidad MFF 2ddccLBS1 00102ddc51708PDaBNPHUbBNPHUcHDd2013-07-01l0oBNPHU PD 972.93 M385m, 1992p39459-10r2020-06-25w2020-06-25yLBS1ZNo se presta 00102ddc51708PDaBNPHUbBNPHUcHDd2024-10-29eDonado por la Presidencia de la República Dominicana 2023.l0oBNPHU PD 972.93 M385m, 1992p2024-6232r2024-10-29te.2w2024-10-29yLBS1zPerteneció a la biblioteca personal de Emilio Cordero Michel. c38949d38949